Score 0/21 Timer 06:00
0 Plays Today
Letter Episodes % Correct
BBad Eggs...
88.4%
AAfter Life...
86.4%
HHalloween...
85.6%
WThe Weight of the World...
84.6%
GGet It Done...
81.3%
IThe I in Team...
80.6%
OOlder and Far Away...
80.5%
PThe Pack...
80%
TTabula Rasa...
77%
SSame Time, Same Place...
76%
FFaith, Hope, and Trick...
74.4%
Letter Episodes % Correct
CCheckpoint...
73%
DDark Age...
71.6%
ZThe Zeppo
71.5%
LLessons...
70.5%
NNever Kill a Boy on the First Date...
68.4%
RReal Me...
62.8%
EEarshot...
60.4%
KKilled by Death...
57.7%
YThe Yoko Factor
48.2%
VVillains
35.8%
Remove Ads.
Support Sporcle.
Get the best of Sporcle when you Go Orange. This ad-free experience offers more features, more stats, and more fun while also helping to support Sporcle. Thank you for becoming a member.

You're not logged in!

Compare scores with friends on all Sporcle quizzes.
OR
Log In

Show Comments

Extras

Top Quizzes Today


Score Distribution

Your Account Isn't Verified!

In order to create a playlist on Sporcle, you need to verify the email address you used during registration. Go to your Sporcle Settings to finish the process.

Report this User

Report this user for behavior that violates our Community Guidelines.

Details: